000 01075nam a22001937a 4500
003 JO-AjAnu
005 20240630095808.0
008 240520b jo ||||| |||| 00| 0 ara d
040 _aJO-AjAnu
_bara
_cJO-AjAnu
041 0 _aara
_hara
100 1 _aالجبالي، عمر يحيى عبدالله
_eمعد
_965424
245 0 _aالمكان والزمان وأثرهما في بناء رواية: سيرة مدينة عمان في الاربعنيات، لعبد الرحمن منيف = Place and time and their impact on the construction of the novel"The City of Amman in the Forties" by Abd al-Rahman Munif /
_cاعداد عمر يحيى عبدالله الجبالي ؛ اشراف زياد محمد بني عمر
260 _c2023
300 _a117ورقة
500 _aرسالة جامعية ( رسالة ماجستير في اللغة العربية وادابها ) - جامعة جرش ( الاردن، جرش)، 2023.
650 7 0 _aالروايات - الاردن.
_965425
700 1 _aبني عمر، زياد محمد
_eمشرف
_965426
942 _2lcc
_cTHS
_n0
999 _c33492
_d33492